01772cam a2200373 a 450000100090000000300040000900500170001300800410003001000170007102000180008802000150010604000180012104100130013904200100015204300120016208200150017424502830018924602010047224600550067326001130072830000430084150000530088450400540093754600610099165000270105265000220107970000310110170000210113285600810115390600450123494200120127999900130129195200940130414664810OSt20230605094424.0061211s2006 rw b 000 0 eng  a 2006318688 a9789970025947 a9970025945 aDLCcDLCdDLC0 aengalug alcode af-rw--- a322.4bPET00aSearching for sense and humanity :bcivil society and the struggle for a better Rwanda : a report of the fact-finding mission to Rwanda organised under the auspices of Kituo Cha Katiba, July, 2004 - February, 2006 /ccompiled and edited by Chris Maina Peter and Edith Kibalama.15aUgushakisha ukuri n'ubumuntu :bsosiyete sivili n'urugamba rwo guharanira u Rwanda rwiza : raporo y'ubushakashatsi ku Rwanda yakozwe mu rwego rwa Kituo Cha Katiba, Nyakanga, 2004-Gashyantare, 200630aCivil society and the struggle for a better Rwanda aKampala, Uganda :bFountain Publishers Ltd ;aOxford, U.K. :bAfrican Books Collective [distributor],c2006. axi, 219, xiv, 220 p. :bmaps ;c22 cm. a"Kituo Cha Katiba" (1 folded pamphlet) inserted. aIncludes bibliographical references (p. 177-192). aEnglish and Ganda; text bound back to back and inverted. 0aCivil societyzRwanda. 0aGenocidezRwanda.1 aPeter, Chris Maina,d1954-1 aKibalama, Edith.413Table of contents onlyuhttp://www.loc.gov/catdir/toc/fy0712/2006318688.html a7bcbccorigoded3encipf20gy-gencatlg 2ddccBK c249d249 00102ddc4070a001b001d2023-06-05l0o322.4 PETp10014769r2023-06-05w2023-06-05yBK